000 01485cam a2200205 a 4500
999 _c6610
_d6610
020 _a9789280811544 (pbk.)
020 _a9280811541 (pbk.)
050 0 0 _aHF1385
_b.W94
245 0 4 _aThe WTO and global governance :
_bfuture directions /
_cedited by Gary P. Sampson.
260 _aTokyo ;
_aNew York :
_bUnited Nations University Press,
_cc2008.
300 _axviii, 277 p. ;
_c24 cm.
500 _aIncludes index
505 _aThe WTO's contribution to global governance / Pascal Lamy -- The WTO, global governance and policy options / Sylvia Ostry -- Enhancing the role of the WTO in global governance / Bert Koenders -- Governing at the trade-environment interface / Daniel C. Esty -- Promoting policy coherence in the global governance of trade and employment / Juan Somavia -- Placing human rights in the Geneva consensus / Louise Arbour and Shervin Majlessi -- Pharmaceutical patents and access to medicines / Celso Amorim -- The WTO, global governance and development / Supacjai Panitchpakdi -- Globalization, trade and developing countries / Dani Rodrik -- Aid for trade and global governance : an ITC perspective / Patricia R. Francis -- The future of the WTO and free trade / Ted Turner -- Some thoughts on the WTO dispute settlement procedure / Mitsuo Matsushita.
650 0 _aCommercial treaties.
650 0 _aForeign trade regulation.
650 0 _aInternational economic relations.
650 0 _aGlobalization.
700 1 _aSampson, Gary P.
942 _cBK